01350nam a2200241Ia 4500001001100000003001000011008004100021040002500062041001300087100001800100245002200118250001100140260005500151300001200206500026400218501011400482520026400596650003100860942000700891957000600898999004200904952016200946L922-42104IT-CnALBA170116s9999||||xx |||||||||||||| ||und|| aIT-CnALBAcIT-CnALBA aITALIANO aCHAIGNE LOUIS 0aGEORGESBERNANOS.  a1a ed. a TORINO. ROMAbBORLA EDITORE c1964 [1° Ed.:1964] a172 p.  aTRADUZIONE DAL FRANCESE. LA FIGURA. ITINERARI. ROMANZO MISTICO DI UN'EPOCA. OPERE. STORIA PROFETICA E LIRICA. MESSAGGIO DI BERNANOS. SONO I FANCIULLI CHE SANNO TUTTO. IL BENE DEL MONDO. LA TRAGICA SEMPLICITÀ DEI SACERDOTI. VERITÀ DELLA POESIA. RENAN, FRAN aSocietà San Paolo EM - Piazza San Paolo, 14 - 12051 ALBA (CN) (non commercial uses only) ® Copyright 2017 aTRADUZIONE DAL FRANCESE. LA FIGURA. ITINERARI. ROMANZO MISTICO DI UN'EPOCA. OPERE. STORIA PROFETICA E LIRICA. MESSAGGIO DI BERNANOS. SONO I FANCIULLI CHE SANNO TUTTO. IL BENE DEL MONDO. LA TRAGICA SEMPLICITÀ DEI SACERDOTI. VERITÀ DELLA POESIA. RENAN, FRAN aBIOGRAFIE, UOMINI ILLUSTRI cBK 71 a47333bNOg Copie: 1 c301072d301072 0010406L_9224210471aALBAbALBAd2017-01-16l0oL922-42104r2017-01-16 00:00:00w2017-01-16yBKz(data import: 16 gennaio 2017) - By Epidotti, Vaglietti.